| 000 | 00551nam a22001817a 4500 | ||
|---|---|---|---|
| 005 | 20180717111214.0 | ||
| 010 | _aENG-123481 | ||
| 020 |
_a9788188965229 _c350.00 |
||
| 035 | _aEN-107013 | ||
| 037 | _bDBAD/PUB | ||
| 082 | _a883.092 | ||
| 100 | _aChaughtai, Ismat | ||
| 245 |
_aVintage chughtai : _cby Ismat Chaughtai _ba selection of her best stories / |
||
| 260 |
_aNew Delhi _bWomen Unlimited _c2013 |
||
| 270 |
_aN-84, Panchshila Park _bNew Delhi _e110017 |
||
| 300 |
_axix,259p. _c21cm(pbk) |
||
| 942 |
_2ddc _cEN _mCHU _h883.092 |
||
| 999 |
_c154136 _d154136 |
||